[Event "Memorial Achille Giglio"]
[Site "Napoli ITA"]
[Date "2015.10.08"]
[Round "4"]
[White "Fortuna, Armando"]
[Black "Franzese, Luigi"]
[WhiteElo "1549"]
[BlackElo "1833"]
[Result "1-0"]
[PlyCount "59"]
[EventDate "2015.09.10"]

1. e4 c5 2. Nf3 e6 3. d4 cxd4 4. Nxd4 Nf6 5. Nc3 d6 6. Bg5 Be7 7. f4 a6 8. Qf3
O-O 9. O-O-O Qc7 10. Bd3 Nc6 11. Nxc6 bxc6 12. h4 Rb8 13. h5 h6 14. Bxf6 Bxf6
15. e5 dxe5 16. Qe4 Re8 17. Qh7+ Kf8 18. Ne4 exf4 19. Nxf6 gxf6 20. Rhe1 Qb6
21. b3 e5 22. Bc4 Be6 23. Bxe6 Rb7 24. Bc4 a5 25. Rd6 Qb4 26. Qxh6+ Kg8 27.
Red1 a4 28. Rxf6 Qa3+ 29. Kb1 axb3 30. Rg6# 1-0

[Event "Memorial Achille Giglio"]
[Site "Napoli ITA"]
[Date "2015.10.08"]
[Round "4"]
[White "Gallo, Thomas Renato"]
[Black "Chiaiese, Luciano"]
[WhiteElo "1915"]
[BlackElo "1425"]
[Result "1-0"]
[PlyCount "59"]
[EventDate "2015.09.10"]

1. d4 e6 2. Nf3 d5 3. Bf4 b6 4. e3 Bb7 5. Nbd2 Bd6 6. Bg3 Nf6 7. Ne5 Nbd7 8.
Ndf3 Ne4 9. Bd3 Nxg3 10. hxg3 f6 11. Bg6+ Ke7 12. Nf7 Qe8 13. Nxh8 hxg6 14. Qd3
f5 15. Nh4 Kf6 16. N8xg6 c5 17. O-O-O c4 18. Qe2 b5 19. f4 b4 20. Qh5 Nf8 21.
Qg5+ Kf7 22. Ne5+ Bxe5 23. fxe5 Qa4 24. Qh5+ g6 25. Nxg6 Qxa2 26. Nxf8+ Ke7 27.
Qh7+ Kxf8 28. Qh8+ Kf7 29. Rh7+ Kg6 30. Qg7# 1-0

[Event "Memorial Achille Giglio"]
[Site "Napoli ITA"]
[Date "2015.10.08"]
[Round "4"]
[White "Messina, Enrico"]
[Black "Cocchia, Umberto"]
[WhiteElo "2144"]
[BlackElo "1822"]
[Result "1-0"]
[PlyCount "76"]
[EventDate "2015.09.10"]

1. e4 e5 2. Nf3 Nf6 3. d3 Nc6 4. c3 Be7 5. Be2 d5 6. Nbd2 O-O 7. O-O Re8 8. a4
b6 9. Qb3 Ba6 10. Re1 Bf8 11. Bf1 Qd7 12. Qc2 Rad8 13. Nb3 dxe4 14. dxe4 Bxf1
15. Kxf1 Qd3+ 16. Qxd3 Rxd3 17. Bg5 Nb4 18. Bxf6 gxf6 19. Red1 Red8 20. Ke2
Rxd1 21. Rxd1 Rxd1 22. Kxd1 Nd3 23. Kc2 Nxf2 24. Nbd2 Bh6 25. b4 Ng4 26. Kd3
Ne3 27. g3 Kf8 28. Nc4 Nd1 29. Nfd2 Ke7 30. a5 Ke6 31. a6 Bg5 32. Na3 c6 33. b5
Kd6 34. bxc6 Kxc6 35. c4 Nf2+ 36. Ke2 Bxd2 37. Kxd2 Nxe4+ 38. Ke2 Kd6 1-0

[Event "Memorial Achille Giglio"]
[Site "Napoli ITA"]
[Date "2015.10.08"]
[Round "4"]
[White "Parise, Mariano"]
[Black "Radice, Mario"]
[WhiteElo "1603"]
[BlackElo "1887"]
[Result "0-1"]
[PlyCount "62"]
[EventDate "2015.09.10"]

1. e4 e5 2. Bc4 Nf6 3. f3 d5 4. exd5 Nxd5 5. Qe2 Nc6 6. Bxd5 Qxd5 7. Nc3 Qa5 8.
Qb5 Bb4 9. Qxa5 Bxa5 10. Nge2 Be6 11. a3 O-O 12. b4 Bb6 13. Bb2 Rad8 14. O-O-O
a5 15. b5 Nd4 16. Rde1 Rd7 17. a4 Rfd8 18. Ng3 Nxc2 19. Kxc2 Rxd2+ 20. Kb1 Rxg2
21. Rxe5 Rf2 22. Nce4 Rxb2+ 23. Kxb2 Bd4+ 24. Kc2 Bxe5 25. Nc5 Bd5 26. Rd1 b6
27. Nf5 Bf6 28. Na6 Bb3+ 29. Kxb3 Rxd1 30. Nxc7 Rd3+ 31. Kc4 Rc3+ 0-1

[Event "Memorial Achille Giglio"]
[Site "Napoli ITA"]
[Date "2015.10.08"]
[Round "4"]
[White "Solombrino, Giovanni"]
[Black "Minopoli, Francesco"]
[WhiteElo "1819"]
[BlackElo "1616"]
[Result "1-0"]
[PlyCount "71"]
[EventDate "2015.09.10"]

1. e4 g6 2. d4 Bg7 3. Nf3 d6 4. Be2 Nd7 5. O-O Ngf6 6. Nc3 O-O 7. h3 a6 8. e5
Ne8 9. Bc4 Nb6 10. Bb3 d5 11. a4 c6 12. a5 Nd7 13. Qe2 f5 14. exf6 Ndxf6 15.
Re1 e6 16. Ng5 Nc7 17. Na4 Re8 18. Nb6 Rb8 19. c3 h6 20. Nf3 Nd7 21. Qd3 Qf6
22. Nxd7 Bxd7 23. Ne5 Rf8 24. Qg3 Be8 25. Ng4 Qd8 26. Bxh6 b5 27. Bf4 Rb7 28.
Bc2 Bf7 29. Nh6+ Bxh6 30. Bxh6 Qe7 31. Bxg6 Bxg6 32. Qxg6+ Kh8 33. Bxf8 Qxf8
34. Re5 Qg7 35. Qh5+ Qh7 36. Qg4 1-0

[Event "Memorial Achille Giglio"]
[Site "Napoli ITA"]
[Date "2015.10.09"]
[Round "4"]
[White "Symonovych, Volodymyr"]
[Black "Esposito, Rosario"]
[WhiteElo "1575"]
[BlackElo "1828"]
[Result "0-1"]
[PlyCount "122"]
[EventDate "2015.09.10"]

1. e4 c5 2. Nf3 e6 3. d4 cxd4 4. Nxd4 Nc6 5. Nc3 Qc7 6. Be3 a6 7. Be2 Nf6 8.
O-O Bb4 9. Nxc6 bxc6 10. Qd4 a5 11. f4 Bxc3 12. Qxc3 O-O 13. Bd3 Ba6 14. Bd4
Bxd3 15. cxd3 Ne8 16. Rf3 f6 17. Raf1 Nd6 18. Rg3 Nb5 19. Bxf6 Nxc3 20. Rxg7+
Kh8 21. Rxd7+ Rxf6 22. Rxc7 Nxa2 23. Rxc6 Nb4 24. Rd6 Rc8 25. g3 Rc2 26. Rf2
Rxf2 27. Rd8+ Kg7 28. Kxf2 Rf8 29. Rxf8 Kxf8 30. Ke3 Nc2+ 31. Kd2 Nd4 32. Kc3
Nc6 33. Kc4 Ke7 34. d4 Kd6 35. g4 Nb4 36. h4 Nc2 37. g5 Ne3+ 38. Kb5 Ng2 39. f5
exf5 40. exf5 Nxh4 41. f6 Nf3 42. f7 Ke7 43. Kxa5 Nxd4 44. Kb4 Kxf7 45. Kc4 Ne6
46. Kd3 Nxg5 47. Ke3 h5 48. Kf2 h4 49. b4 Ke6 50. Kg2 h3+ 51. Kh2 Kd5 52. Kh1
Kc4 53. Kh2 Kxb4 54. Kh1 Kc4 55. Kh2 Kd4 56. Kg3 Ke3 57. Kh2 Kf2 58. Kh1 Kg3
59. Kg1 Ne4 60. Kh1 Nf2+ 61. Kg1 h2+ 0-1

[Event "Memorial Achille Giglio"]
[Site "Napoli ITA"]
[Date "2015.10.08"]
[Round "4"]
[White "Taurisano, Vincenzo"]
[Black "Soave, Vittorio"]
[WhiteElo "1863"]
[BlackElo "1700"]
[Result "1-0"]
[PlyCount "27"]
[EventDate "2015.09.10"]

1. Nf3 d5 2. d4 Nf6 3. g3 e6 4. Bg2 c5 5. c3 Nc6 6. O-O Be7 7. Re1 O-O 8. Nbd2
b5 9. e4 c4 10. exd5 exd5 11. a4 b4 12. Ne5 Bb7 13. Ndxc4 dxc4 14. Bxc6 1-0

[Event "Memorial Achille Giglio"]
[Site "Napoli ITA"]
[Date "2015.10.08"]
[Round "4"]
[White "Verre, Gaetano"]
[Black "Capozzoli, Silvio"]
[WhiteElo "1449"]
[BlackElo "1587"]
[Result "1-0"]
[PlyCount "65"]
[EventDate "2015.09.10"]

1. e4 e5 2. Nf3 Nc6 3. Bc4 d6 4. Nc3 Nf6 5. Ng5 Nd4 6. Nxf7 Qe7 7. Nxh8 Bg4 8.
Be2 Nxe2 9. Nxe2 Bh5 10. f3 Kd7 11. d4 c6 12. dxe5 d5 13. exf6 Qxf6 14. exd5 c5
15. Be3 Bd6 16. Qd3 Be8 17. O-O-O Kc7 18. Rhe1 b5 19. a3 g6 20. Qc3 Qf8 21.
Nxg6 Bxg6 22. Nd4 Kb6 23. Ne6 Qf5 24. b4 Rc8 25. bxc5+ Ka6 26. Qb3 Be5 27. Nd4
Bxd4 28. Bxd4 h5 29. Re6+ Kb7 30. Qxb5+ Ka8 31. Rd2 Rb8 32. Qc6+ Rb7 33. Rxg6
1-0